The truth about planning : international research into the pratice of planning

Bibliographic Details
Other Authors: Hussey, David E. (Editor)
Format: Book
Language:English
Published: Oxford : Pagamon Press 1983
Subjects:

MARC

LEADER 00000cam a2200000 7i4500
001 0000000703
005 20240919.0
008 240429 enk a eng
020 |a 0080258336 (hardback) 
040 |a INS   |b eng   |e rda 
090 0 0 |a RHD30.28   |b .G58 1983 
245 0 4 |a The truth about planning :   |b international research into the pratice of planning   |c edited by David E. Hussey 
264 1 |a Oxford :   |b Pagamon Press   |c 1983 
300 |a x, 586 pages :   |b illustrations ;   |c 24 cm. 
336 |a text  |2 rdacontent 
337 |a unmediated  |2 rdamedia 
338 |a volume  |2 rdacarrier 
650 0 |a Comparative management   |x Addresses, essay, lectures 
650 0 |a Coporate planning   |x Addresses, essays, lectures 
700 1 |a Hussey, David E. ,   |e editor 
999 |a 0000000283   |b BOOK   |c Open Shelf   |e Default branch